00521nam a22001697a 4500020001500000040000900015082001600024100002900040110004800069245002100117250001900138260003800157650002000195942001200215999001900227952010500246 a8129700573 cNUST a620.106 DOU aDauglas, John F.9114286 aGasiorek, Janusz M Swaffield John A9114287 aFluid Mechanics: aFourth Edition aIndia:bPearson Education,c2001. aFluid Mechanics 2ddccBK c595650d595650 00102ddc4070aCEMEbCEMEcGENd2023-08-28l0o620.106 DOUpCEME-40161r2023-08-28w2023-08-28yBK